| 000 | 01151nac a22003497a 4500 | ||
|---|---|---|---|
| 001 | BR0403266 | ||
| 003 | BR-BrBNA | ||
| 005 | 20240105123021.0 | ||
| 008 | 230509b bl.|||m| |||| 00| 0 por d | ||
| 040 |
_aBR-BrBNA _bpor _cBiblioteca Nacional de Agricultura |
||
| 072 | _aF07; H60 | ||
| 090 | _a1000 BR0403266 | ||
| 100 | 1 | _aCarvalho, J.E.B. de | |
| 100 | 1 | _aSantos, R.C. dos | |
| 100 | 1 | _aSouza, A.L.V. | |
| 110 | 1 | _aEMBRAPA Mandioca e Fruticultura, Cruz das Almas, BA (Brasil) | |
| 245 | 1 | _aNovo preparo e manejo do solo no controle do mato - contribuição ao desenvolvimento do sistema radicular dos citros | |
| 260 | 3 |
_aCruz das Almas, BA (Brasil): _c2003. |
|
| 300 | _a4 p. | ||
| 490 |
_aComunicado Técnico - EMBRAPA Mandioca e Fruticultura (Brazil) _vno. 85 _xISSN 1516-5744 |
||
| 650 | _aLARANJA PERA | ||
| 650 | _aMATO | ||
| 650 | _aFRUTA CÍTRICA | ||
| 650 | _aPREPARO DO SOLO | ||
| 650 | _aPRÁTICA CULTURAL | ||
| 650 | _aVALOR NUTRITIVO | ||
| 650 | _aSISTEMA RADICULAR | ||
| 650 | _aCOMPACTAÇÃO DO SOLO | ||
| 650 | _aERVA DANINHA | ||
| 909 |
_a202312 _bLúcia Elande _c55 _dLúcia Elande |
||
| 942 |
_2AGRIS _n0 _cMS |
||
| 999 |
_c293652 _d293652 |
||